00286nam a2200121Ia 4500008004100000100000900041245003700050260003500087300000800122650001000130942000700140999001700147190216s9999||||xx |||||||||||||| ||und|| aNull 0aHindi-Meri Sresht Prem Kahaniyam bMac Millian And Com. Ltdc2008 a150 aHindi cBK c16537d16537